Tilastot visalle Saksa kuvien mukaan

Klikkaa tästä pelataksesi tätä visaa!

Yleistilastot

  • Tätä visaa on pelattu 372 kertaa
  • Keskiarvotulos 13 / 18

Vastaustilastot

Vastaus% Oikein
Volkswagen
95%
Angela Merkel
90%
Saksanpaimenkoira
90%
Martti Luther
89%
Berliinin muuri
86%
Oktoberfest
81%
Lufthansa
79%
Johann Sebastian Bach
73%
{Käki}kello
72%
Frankfurt
68%
Leike
68%
Rein
68%
{Brandenburgin} portti
63%
Karl Marx
59%
Hampuri
57%
Preussi
57%
Lederhosen
51%
Schwarzwald
38%

Tulosjakauma

Persentiili vastausten määrän mukaan

Jokaisen tuloksen saaneiden osuus

Tuloshistoriasi

Et ole pelannut tätä visaa